| 000 | 01153naa a22003017a 4500 | ||
|---|---|---|---|
| 001 | BR9401371 | ||
| 003 | BR-BrBNA | ||
| 005 | 20240918180917.0 | ||
| 007 | ta | ||
| 008 | 230509b bl.||||| |||| 00| 0 por d | ||
| 040 |
_aBR-BrBNA _bpor _cBiblioteca Nacional de Agricultura |
||
| 041 | _a(Pt) | ||
| 072 | _aU10; J11 | ||
| 090 | _aU10 BR9401371 | ||
| 100 | 1 | _aRibeiro, C.A.A.S. | |
| 100 | 1 | _aCorrea, P.C. | |
| 111 | 1 |
_a11. Congresso Brasileiro de Engenharia Agricola _cBrasilia, DF (Brazil) _d1981 |
|
| 245 | 1 | _aDimensionamento de sistema de aeracao em silos retangulares do fundo plano utilizado programa de computador simplificado em linguagem fortran | |
| 260 | 3 |
_aCampinas, SP (Brasil): _c1981. |
|
| 500 | _aAnais do 11. Congresso Brasileiro de Engenharia Agricola Campinas, SP (Brasil): 1981. v. 1 p. 429-449 (BR9401371-AM)U10 | ||
| 650 | _aGrao | ||
| 650 | _aArmazenamento | ||
| 650 | _aAeracao | ||
| 650 | _aPrograma de Computador | ||
| 773 | 0 |
_tAnais do 11. Congresso Brasileiro de Engenharia Agricola _wU10 BR9401371 _gCampinas, SP (Brasil), 1981. v. 1 p. 429-449 |
|
| 909 |
_a202404 _bLucia _c55 _dLucia Elande |
||
| 942 |
_cAM _2AGRIS |
||
| 999 |
_c322626 _d322626 |
||